00346nam a2200157Ia 4500008004100000041000800041100001000049245002900059250000800088260002800096300000900124520001200133520001500145650000900160999001900169230605s1986 xx 000 0 und d aeng aJay J aModern Food Microbiology a3rd bC.B.S.Publicationc1986 a642p aGeneral aHard Board aC.S. c419641d419641